000 nam a22 7a 4500
999 _c9313
_d9313
008 180125b ||||| |||| 00| 0 eng d
100 _aNCERT
_95568
245 _aSocial Science-VI
260 _aNew Delhi
_bNCERT
_c2006